Focus (Record no. 84106)
[ view plain ]
| 000 -LEADER | |
|---|---|
| fixed length control field | 00859cab a22002055a 4500 |
| 001 - CONTROL NUMBER | |
| control field | L156664 |
| 008 - FIXED-LENGTH DATA ELEMENTS--GENERAL INFORMATION | |
| fixed length control field | 120619e20120609xxk 000 0 eng d |
| 035 ## - SYSTEM CONTROL NUMBER | |
| System control number | (Sirsi) u156664 |
| 041 0# - LANGUAGE CODE | |
| Language code of text/sound track or separate title | eng |
| 100 1# - MAIN ENTRY--PERSONAL NAME | |
| Personal name | Whitten, Nick |
| 245 00 - TITLE STATEMENT | |
| Title | Focus |
| Remainder of title | Industrial |
| 260 ## - PUBLICATION, DISTRIBUTION, ETC. | |
| Date of publication, distribution, etc. | 2012 |
| 490 ## - SERIES STATEMENT | |
| Series statement | Estates Gazette |
| Volume/sequential designation | (1223) 9 June 2012, 57-67(8) |
| 520 ## - SUMMARY, ETC. | |
| Summary, etc. | Includes information about DP World's London Gateway development which is overseeing a new port built in the Thames using reclaimed land which is due to open in the final quarter of 2013. Also includes an analysis of supply chain dynamics which emphasises the importance of the correct placement of warehouses and the prospects for industrial developers for the rest of 2012. |
| 590 ## - LOCAL NOTE (RLIN) | |
| Local note | KA |
| 651 #4 - SUBJECT ADDED ENTRY--GEOGRAPHIC NAME | |
| Geographic name | United Kingdom |
| 690 ## - LOCAL SUBJECT ADDED ENTRY--TOPICAL TERM (OCLC, RLIN) | |
| Topical term or geographic name as entry element | Property management |
| 9 (RLIN) | 6262 |
| 700 1# - ADDED ENTRY--PERSONAL NAME | |
| Personal name | Harris, David |
| 942 ## - ADDED ENTRY ELEMENTS (KOHA) | |
| Suppress in OPAC | 0 |
| Withdrawn status | Lost status | Source of classification or shelving scheme | Damaged status | Not for loan | Home library | Current library | Shelving location | Date acquired | Total Checkouts | Full call number | Barcode | Date last seen | Copy number | Price effective from | Koha item type |
|---|---|---|---|---|---|---|---|---|---|---|---|---|---|---|---|
| Dewey Decimal Classification | London | London | Journal article | 19/06/2012 | L156664 | 156664-1001 | 06/08/2019 | 1 | 06/08/2019 | Journal article |